000 00694nam a2200289Ia 4500
005 20260324140205.0
008 008 260324s9999 xx 000 0 eng d
020 _a9781351290128
037 _aEBOOK
040 _aCRL
040 _beng
040 _cCRL
041 _2eng
041 _aeng
084 _qCRL
100 _aYuri Druzhnikov
_91203473
245 0 _aPrisoner of Russia
245 0 _bAlexander Pushkin and the Political Uses of Nationalism
260 _bTaylor and Francis
260 _c1999
365 _a
365 _b230
856 _uhttp://www.taylorfrancis.com/books/9781351290128
942 _cEBOOK
999 _c1805266
_d1805266